| 000 | 00924nam a22002778a 4500 | ||
|---|---|---|---|
| 001 | 015467640 | ||
| 003 | Uk | ||
| 005 | 20131023125032.0 | ||
| 008 | 091028r20102009enk r 000 f eng|d | ||
| 015 |
_aGBB006245 _2bnb |
||
| 020 | _a0141039280 (pbk.) | ||
| 020 | _a9780141039282 (pbk.) | ||
| 040 |
_aStDuBDS _beng _cStDuBDS |
||
| 082 | 0 | 4 |
_a813.6 _222 _bSTO |
| 100 | 1 |
_aStockett, Kathryn. _934182 |
|
| 245 | 1 | 4 |
_aThe help / _cKathryn Stockett. |
| 260 |
_aLondon : _bPenguin Books, _c2010. |
||
| 300 |
_a451 p. ; _c20 cm. |
||
| 500 | _aOriginally published: 2009. | ||
| 650 | 0 |
_aAfrican American women household employees _xSocial conditions _vFiction. _934183 |
|
| 650 | 0 |
_aCivil rights movements _vFiction. _934184 |
|
| 650 | 0 |
_aAfrican American women _zMississippi _zJackson _vFiction. _934185 |
|
| 651 | 0 |
_aJackson (Miss.) _xRace relations _vFiction. _934186 |
|
| 653 |
_bENG _cOctober2013 _dBestSellers |
||
| 942 |
_2ddc _cBB |
||
| 999 |
_c17670 _d17642 |
||